Wirtschaftsnachrichten Donauraum (Record no. 6712)

MARC details
000 -LEADER
fixed length control field 00474nas a22001697i 4500
001 - CONTROL NUMBER
control field 7960
003 - CONTROL NUMBER IDENTIFIER
control field OSt
005 - DATE AND TIME OF LATEST TRANSACTION
control field 20170126082405.0
007 - PHYSICAL DESCRIPTION FIXED FIELD--GENERAL INFORMATION
fixed length control field tu
008 - FIXED-LENGTH DATA ELEMENTS--GENERAL INFORMATION
fixed length control field 161220s xxu||||| |||| 00| 0 d
024 7# - OTHER STANDARD IDENTIFIER
Standard number or code 7960
Source of number or code RID
040 ## - CATALOGING SOURCE
Transcribing agency OSt
110 2# - MAIN ENTRY--CORPORATE NAME
Corporate name or jurisdiction name as entry element Wolfgang Hasenhütl
245 00 - TITLE STATEMENT
Title Wirtschaftsnachrichten Donauraum
Remainder of title Unabhängiges Wirtschaftsmagazin für Oberösterreich, Niederösterreich, Wien & Nordburgenland
260 ## - PUBLICATION, DISTRIBUTION, ETC.
Place of publication, distribution, etc. Graz :
Name of publisher, distributor, etc. Wirtschaftsnachrichten.
866 #0 - TEXTUAL HOLDINGS--BASIC BIBLIOGRAPHIC UNIT
-- 2010/05
942 ## - ADDED ENTRY ELEMENTS (KOHA)
Koha item type Journal
Holdings
Withdrawn status Lost status Damaged status Not for loan Home library Current library Shelving location Date acquired Inventory number Total Checkouts Barcode Date last seen Price effective from Koha item type Serial Enumeration / chronology
        WIIW WIIW   05/19/2010 7960   10003852 01/26/2017 01/26/2017 Journal  
        WIIW WIIW Library 09/16/2013 7960   10005809 01/26/2017 01/26/2017 Journal 2013,9
The Vienna Instiute for International Economic Studies (wiiw)